Nonfiction Reading Practice Grade 2 (Record no. 121298)

MARC details
000 -LÍDER
campo de controle de tamanho fixo 00310 a2200133 4500
001 - NÚMERO DE CONTROLE
campo de controle 121298
020 ## - ISBN - INTERNATIONAL STANDARD BOOK NUMBER
ISBN - International Standard Book Number 9781557999412
040 ## - FONTE DA CATALOGAÇÃO
Instituição que transcreveu o registro Escola Canadense de Niteroi
100 ## - ENTRADA PRINCIPAL--NOME PESSOAL
Nome pessoal Kristen Kunkel
245 10 - TÍTULO
Título Nonfiction Reading Practice Grade 2
250 ## - EDIÇÃO
Edição 1 ed
650 #4 - ASSUNTO--TERMO TÓPICO
Cabeçalho tópico ou nome geográfico Education, Bilingual
942 ## - ELEMENTOS DE ENTRADA ADICIONADOS (KOHA)
Tipo de material Koha Livros
Holdings
Situação do descarte Situação das perdas Situação física Não pode ser emprestado Biblioteca de origem Biblioteca atual Data de aquisição Total de empréstimos Código de barras Data de último acesso Data do preço efetivo Tipo de material Koha
        Canadian School of Niterói - Piratininga Canadian School of Niterói - Piratininga 09/02/2024   A14367 09/02/2024 09/02/2024 Livros